000 00209nam a2200085 4500
001 1257775
005 20260219102034.0
245 _aSAKAR BORA İZCİLER GELİYOR
_cÇAĞRI CEBECİ
260 _bGENÇ HAYAT YAYINLARI
999 _c1257775
_d1257775